Sports Quiz

Random Sports or Golf Quiz
Score 0/11 Timer 02:00
0 Plays Today
Hint Answer % Correct
3 under par is called a?albatross
80%
When questioning about a ruling or the loss of a ball a player should hit a...?provisional
61.8%
Tiger Woods has won how many majors as of 2013?15
43.6%
Who won the 2013 Masters?Adam Scott
41.8%
Taking a drop without a penalty is called?free drop
32.7%
Who won the 2013 US Open? Justin Rose
20%
How many majors did Tiger Woods win in 20003
20%
How many major tournaments are there each year?4
18.2%
What is it called when the ball is hit and the ball lands and has minimal rollbackspin
10.9%
When a player hits the flagstick with the ball it is a...?2 stroke penalty
3.6%
Rule 13-1 states?the ball must be played as it lyes
1.8%
Remove Ads.
Support Sporcle.
Get the best of Sporcle when you Go Orange. This ad-free experience offers more features, more stats, and more fun while also helping to support Sporcle. Thank you for becoming a member.

You're not logged in!

Compare scores with friends on all Sporcle quizzes.
OR
Log In

Show Comments

Extras

Created Oct 8, 2013ReportNominate
Tags:Golf Quiz, Term

Top Quizzes Today


Score Distribution

Your Account Isn't Verified!

In order to create a playlist on Sporcle, you need to verify the email address you used during registration. Go to your Sporcle Settings to finish the process.

Report this User

Report this user for behavior that violates our Community Guidelines.

Details: